Harry Potter: les Nimbus 2000 - Statistiques

Statistiques générales
  • Ce quiz a été pris 59 fois
  • Le résultat moyen est 5 sur 6
Statistiques - réponses
Information Réponses % Correct
Propriétaire Harry Potter
100%
Première apparition Harry Potter à l'école des sorciers
100%
Utilisation Balai volant
94%
Dernière apparition Harry Potter et le Prisonnier d'Azkaban
90%
Marque Nimbus
88%
Année de fabrication 1991
63%
Aucun quiz correspondant
Distribution des résultats
% des personnes avec chaque résultat
Percentile par nombre de réponses
Votre historique - résultats
Vous n’avez pas pris ce quiz